1973 1753 1578 1687 1853 1906 1598 1618 1581 1033 1628 1507 1621 1343 1393 1133 1366 1725 1962 1792 1162 1662 1827 1848 1985 1441 1845 1797 1475 1570 1984 1233 1589 1293 1369 1365 1783 1292 1306 1017 1020 1902 1407 1330 1839 1751 1603 1172 1942 1742 1550 1843 1133 1943 1274 1729 1418 1160 1330 1709 1391 1992 1443 1185 1630 1695 1034 1513 1672 1606 1415 1241 1966 1659 1893 1465 1827 1277 1620 1654 1391 1429 1886 1593 1397 1503 1535 1646 1146 1797 1672 1322 1717 1768 1063 1587 1769 1880 1959 BCNSPRNW ULIB Ver.6.0+V

เปลี่ยนเป็นภาษาไทย

Change to English
 แสดงรายละเอียดบรรณานุกรม
  กลับหน้าหลัก

Brief Record : Get Marc (ISO 2709) : E-mail record : QR code < ปิดหน้าต่าง
LEADER : 00000nam 2200000uu 4500
001    13399112700
003     ULIB
008    110905s2551||||th 000 0 tha d
020    9789740322306
050  4 LB1025.3^bพ718ท 2551
100 0  พิมพันธ์ เดชะคุปต์
245 10 ทักษะ 5 C เพื่อการพัฒนาหน่วยการเรียนรู้และการจัดการการเรียนการสอนแบบบูรณาการ /^cโดยพิมพันธ์ เดชะคุปต์, พเยาว์ ยินดีสุข
250    พิมพ์ครั้งที่ 6 ฉบับปรับปรุง
260    กรุงเทพฯ :^bภาควิชาหลักสูตรการสอนและเทคโนโลยีการศึกษาคณะครุศาสตร์ จุฬาลงกรณ์มหาวิทยาลัย,^c2551
300    235 หน้า :^bภาพประกอบ,^c21 ซม.
650  4 การสอน
700 0  พเยาว์ ยินดีสุข
710 2  จุฬาลงกรณ์มหาวิทยาลัย. ^bคณะครุศาสตร์.^bภาควิชาหลักสูตรการสอนและเทคโนโลยีการศึกษา
945    ^p195^l0^i026095
945    ^p195^l0^i026096
945    ^p195^l0^i026097
995    ทศพร
999 ^a ทศพร
รายการนี้ยังไม่มีแท็ก
คุณยังไม่ได้ล็อกอิน คุณสามารถมีกิจกรรมร่วมกับเว็บไซต์ได้ แต่ต้องล็อกอินก่อน ::
  ล็อกอิน

รายการสื่อสารสนเทศ

ลำดับที่ ประเภท เลขเรียก/บาร์โค้ด สถานที่ สถานะ
- ไม่พบข้อมูล -

รายการใกล้เคียง
    ผู้แต่ง [พิมพันธ์ เดชะคุปต์]

    หัวเรื่อง [การสอน]

BibComment


ยังไม่เคยถูกคอมเมนท์

คอมเมนท์ทรัพยากรรายการนี้
  คอมเมนท์: ทักษะ 5 C เพื่อกา..


 Copyright 2026. Bcnsprnw @Library